000 00404nam a2200133Ia 4500
008 210430s9999 xx 000 0 und d
020 _a0-7506-7126-2
082 _a660.283 C 5141 H
100 _aNicholas P.cheremisinoff
_952795
245 _aHandbook of Chemical Processing Equipment /
_cNicholas P.cheremisinoff
260 _aBoston
_bButterworth Heinemann
_c2000
300 _a535p
942 _cBK
_2ddc
999 _c562252
_d562252